header

The Power of minds at work (Record no. 24137)

MARC details
000 -LEADER
fixed length control field 01762nam a2200337Ia 4500
082 04 - DEWEY DECIMAL CLASSIFICATION NUMBER
Classification number 658.4/038
100 1# - MAIN ENTRY--AUTHOR NAME
Personal name Albrecht, Karl,
245 14 - TITLE STATEMENT
Title The Power of minds at work
260 ## - PUBLICATION, DISTRIBUTION, ETC. (IMPRINT)
Place of publication New York ;
-- London :
Name of publisher AMACOM,
Year of publication c2003.
300 ## - PHYSICAL DESCRIPTION
Number of Pages xii, 260 p. :
Other physical details ill.
505 0# - FORMATTED CONTENTS NOTE
Formatted contents note Albrecht's law -- Learned incapacity : how people collude to fail -- Organizational intelligence -- Strategic vision : every enterprise needs a theory -- Shared fate : the holodynamic organization -- Appetite for change : planned abandonment -- Heart : earning the discretionary energy -- Alignment and congruence : eliminating the contradictions -- Knowledge deployment : the "hive mind" -- Performance pressure : leadership with purpose -- Getting serious about getting smart -- Psychotherapy for the enterprise.
650 #0 - SUBJECT ADDED ENTRY--TOPICAL TERM
Topical Term Corporate culture.
Topical Term Knowledge management.
Topical Term Organizational learning.
856 40 - ELECTRONIC LOCATION AND ACCESS
Uniform Resource Identifier http://site.ebrary.com/lib/rucke/Doc?id=10020628

No items available.

© 2026 Rongo University
Contact us: librarian | system librarian | Rongo university